Vista normal
Vista MARC
Entrada Nombre de reunión
Número de registros utilizados en: 2
001 - NÚMERO DE CONTROL
- campo de control: 29647
003 - IDENTIFICADOR DE NÚMERO DE CONTROL
- campo de control: OSt
005 - FECHA Y HORA DE LA ÚLTIMA TRANSACCIÓN
- campo de control: 20260323164633.0
008 - ELEMENTOS DE DATO DE LONGITUD-FIJA
- campo de control de longitud fija: 221005|| aca||aabn | a|a d
040 ## - FUENTE DE CATALOGACIÓN
- Centro catalogador/agencia de origen: OSt
- Centro/agencia transcriptor: OSt
111 2# - ENCABEZAMIENTO--NOMBRE DE CONGRESO/REUNIÓN
- Nombre de congreso/reunión o jurisdicción como elemento de entrada: DIA INTERNACIONAL DE LA ELIMINACION DE LA VIOLENCIA CONTRA LA MUJER
- Fecha del congreso o de la firma del tratado: 2011
411 2# - TRAZADO DE VÉASE--NOMBRE DE CONGRESO/REUNIÓN
- Nombre de congreso/reunión o jurisdicción como elemento de entrada: 25 DE NOVIEMBRE
- Fecha del congreso o de la firma del tratado: 2011
670 ## - FUENTE DE DATOS ENCONTRADOS
- Cita de la fuente: Work cat.: (OSt)40585: CCOO. Confederación Sindical Secretaría de la Mujer 398, UGT y CCOO, contra la violencia de género :, 2011